Ukrainian players in UEFA Champions League (2000-) - Statistics

General Stats
  • This quiz has been taken 23 times
  • The average score is 14 of 143
Answer Stats
Ranking Player Positions Nationality Matches Goals (assists) Periods Clubs % Correct
2 Andriy Shevchenko FW 73 32 (10) 2000-2001, 2002-2007, 2009-2010
100%
137 Oleksiy Shevchenko GK 1 0 (0) 2021-2022
100%
7 Oleksandr Zinchenko DF, MF 41 1 (4) 2016-2021, 2023-2025
95%
51 Andriy Lunin GK 12 0 (0) 2022-2025
75%
44 Mykhailo Mudryk MF, FW 14 3 (2) 2021-2023
70%
14 Andriy Yarmolenko MF, FW 30 5 (5) 2009-2010, 2012-2013, 2015-2018
65%
3 Andriy Pyatov GK 72 0 (0) 2007-2008, 2010-2011, 2012-2015, 2017-2022
55%
35 Yevhen Konoplyanka MF, FW 16 3 (2) 2015-2016, 2018-2020
55%
13 Anatolii Trubin GK 32 0 (0) 2020-2025
45%
5 Anatoliy Tymoshchuk DF, MF 50 2 (1) 2000-2001, 2004-2005, 2006-2007, 2008-2014
45%
46 Andriy Voronin MF, FW 14 2 (4) 2004-2005, 2007-2008, 2009-2010
45%
45 Roman Yaremchuk FW 14 3 (0) 2021-2023
45%
63 Vitaliy Mykolenko DF 9 0 (0) 2020-2022
40%
52 Illia Zabarnyi DF 12 0 (0) 2020-2022
35%
8 Marlos MF, FW 40 2 (4) 2014-2015, 2017-2022
35%
32 Ruslan Malinovskyi MF, FW 18 2 (1) 2019-2022
35%
79 Serhiy Rebrov MF, FW 6 1 (0) 2006-2008
35%
4 Taras Stepanenko MF 66 2 (3) 2010-2011, 2012-2015, 2017-2025
35%
1 Yaroslav Rakitskiy DF 75 4 (5) 2010-2015, 2017-2021, 2023-2024
30%
16 Dmytro Chygrynskiy DF 28 1 (0) 2004-2005, 2006-2008, 2010-2012, 2018-2019
25%
55 Mykola Shaparenko MF, FW 11 0 (0) 2020-2022
25%
76 Denys Popov DF 6 1 (0) 2020-2021
20%
93 Serhiy Popov DF 5 0 (0) 2000-2001
20%
61 Heorhiy Bushchan GK 9 0 (0) 2020-2022
15%
15 Júnior Moraes MF, FW 28 7 (3) 2015-2016, 2018-2021
15%
97 Maksym Koval GK 4 0 (0) 2012-2013
15%
9 Oleksandr Shovkovskiy GK 40 0 (0) 2000-2001, 2003-2004, 2006-2007, 2009-2010, 2012-2013, 2015-2017
15%
20 Viktor Kovalenko MF, FW 24 0 (1) 2015-2016, 2017-2021
15%
24 Viktor Tsyhankov MF, FW 22 3 (2) 2016-2017, 2020-2021, 2024-2025
15%
41 Yukhym Konoplia DF 15 0 (3) 2022-2025
15%
43 Andriy Vorobey FW 14 3 (3) 2000-2001, 2004-2005, 2006-2007
10%
21 Heorhiy Sudakov MF 23 3 (3) 2020-2025
10%
33 Maksym Kalynychenko MF 18 2 (0) 2000-2001, 2002-2003, 2006-2007
10%
10 Mykola Matviyenko DF 38 1 (0) 2018-2025
10%
60 Oleksandr Karavayev DF, MF, FW 10 0 (0) 2020-2022
10%
6 Oleksandr Kucher DF 45 0 (1) 2006-2008, 2010-2016
10%
67 Oleksandr Rybka GK 8 0 (0) 2007-2008, 2011-2012, 2015-2016
10%
99 Oleksandr Tymchyk DF 4 0 (0) 2021-2022
10%
18 Oleksandr Zubkov MF, FW 25 4 (4) 2017-2018, 2020-2021, 2022-2025
10%
100 Ruslan Rotan MF 4 0 (0) 2006-2008
10%
25 Serhiy Sydorchuk MF 21 1 (1) 2015-2016, 2020-2022
10%
19 Valerii Bondar DF 25 0 (0) 2020-2025
10%
23 Artem Milevskiy FW 22 3 (3) 2003-2004, 2006-2009, 2012-2013
5%
57 Bohdan Butko DF 10 0 (1) 2017-2019
5%
34 Danylo Sikan MF, FW 16 5 (1) 2019-2020, 2022-2025
5%
117 Denys Boyko GK 2 0 (0) 2020-2022
5%
58 Ivan Ordets DF 10 0 (1) 2014-2015, 2017-2018
5%
42 Oleh Luzhny DF 15 0 (0) 2000-2003
5%
77 Oleksandr Aliyev MF, FW 6 1 (0) 2006-2007, 2008-2009
5%
122 Oleksandr Chyzhov DF 2 0 (0) 2011-2012
5%
54 Oleksiy Gai MF 11 0 (1) 2006-2007, 2008-2009, 2010-2011
5%
29 Serhiy Kryvtsov DF 20 0 (1) 2014-2015, 2017-2023
5%
40 Vladyslav Vashchuk DF 15 1 (0) 2000-2001, 2007-2008
5%
104 Yevhen Makarenko DF, MF 4 0 (0) 2015-2017
5%
126 Adrian Pukanych MF 1 0 (0) 2004-2005
0%
112 Andriy Bohdanov MF 2 0 (0) 2012-2013
0%
65 Andriy Dykan GK 8 0 (0) 2010-2011, 2012-2013
0%
36 Andriy Husin MF 16 1 (0) 2000-2002, 2004-2005
0%
11 Andriy Nesmachniy DF 36 0 (1) 2000-2004, 2006-2009
0%
127 Andriy Totovytskyi MF 1 0 (0) 2022-2023
0%
107 Andriy Yakovlyev MF 3 0 (0) 2014-2015
0%
113 Anton Kanibolotskiy GK 2 0 (0) 2015-2016
0%
105 Artem Besyedin MF, FW 3 1 (0) 2016-2017
0%
30 Artem Bondarenko MF 20 0 (0) 2021-2025
0%
128 Artem Fedetskyi DF 1 0 (0) 2008-2009
0%
129 Artem Hromov MF, FW 1 0 (0) 2016-2017
0%
66 Artem Kravets FW 8 0 (0) 2007-2009, 2015-2016
0%
114 Artem Shabanov DF 2 0 (0) 2020-2022
0%
115 Artem Stepanov FW 2 0 (0) 2024-2025
0%
116 Artem Yashkin MF 2 0 (0) 2000-2001
0%
87 Artur Rudko GK 5 0 (0) 2016-2017
0%
88 Bohdan Liedniev MF, FW 5 0 (0) 2020-2022
0%
94 Bohdan Mykhaylychenko DF 4 0 (2) 2022-2023
0%
96 Bohdan Shust GK 4 0 (0) 2006-2007
0%
130 Bohdan Viunnyk MF, FW 1 0 (0) 2020-2021
0%
89 Danylo Ihnatenko MF 5 0 (0) 2024-2025
0%
108 Denys Dedechko MF 3 0 (0) 2015-2016
0%
17 Denys Harmash MF, FW 26 3 (2) 2012-2013, 2015-2016, 2020-2022
0%
118 Denys Onyszczenko MF 2 0 (0) 2003-2004
0%
47 Dmytro Kryskiv MF, FW 14 0 (0) 2022-2025
0%
37 Dmytro Parfenov DF 16 1 (0) 2000-2002
0%
48 Dmytro Riznyk GK 14 0 (0) 2023-2025
0%
131 Dmytro Shutkov GK 1 0 (0) 2006-2007
0%
39 Eduard Sobol DF, MF, FW 16 0 (1) 2019-2023
0%
81 Eduard Tsykhmeystruk MF 6 0 (0) 2001-2002
0%
132 Hennadiy Moroz DF 1 0 (0) 2000-2001
0%
73 Hennadiy Zubov MF 6 2 (1) 2000-2001
0%
85 Ihor Kharatin DF, MF 5 1 (0) 2020-2021
0%
109 Ihor Plastun DF 3 0 (0) 2016-2017
0%
70 Ivan Petryak MF 7 0 (0) 2017-2018, 2022-2023
0%
71 Maksym Levytskyi GK 7 0 (0) 2001-2003
0%
119 Maksym Malyshev DF, MF 2 0 (0) 2015-2016
0%
120 Marko Dević MF, FW 2 0 (0) 2012-2013
0%
84 Maryan Shved MF, FW 5 2 (0) 2022-2024
0%
90 Mykhaylo Starostyak DF 5 0 (0) 2000-2001
0%
98 Mykola Ischenko DF 4 0 (0) 2008-2009, 2010-2011
0%
110 Mykola Morozyuk DF, MF, FW 3 0 (0) 2016-2017
0%
133 Mykyta Burda DF 1 0 (0) 2016-2017
0%
53 Oleg Yashchuk FW 11 1 (0) 2000-2001, 2003-2005
0%
134 Oleh Danchenko DF 1 0 (0) 2018-2019
0%
121 Oleh Dopilka DF 2 0 (0) 2007-2008
0%
12 Oleh Husyev DF, MF 35 4 (2) 2003-2004, 2006-2007, 2009-2010, 2012-2013, 2015-2017
0%
135 Oleh Ocheretko MF 1 0 (0) 2022-2023
0%
91 Oleksandr Andriyevskyi MF 5 0 (0) 2020-2022
0%
31 Oleksandr Hladkyy FW 18 3 (0) 2007-2008, 2014-2017
0%
59 Oleksandr Holovko DF 10 0 (0) 2000-2002
0%
56 Oleksandr Melaschenko FW 10 2 (0) 2001-2004
0%
92 Oleksandr Syrota DF 5 0 (0) 2021-2022
0%
80 Oleksandr Yakovenko MF, FW 6 0 (1) 2012-2013, 2015-2016
0%
136 Oleksii Kashchuk FW 1 0 (0) 2023-2024
0%
78 Oleksiy Byelik FW 6 1 (0) 2000-2001
0%
123 Pavel Orekhovskiy MF 2 0 (0) 2016-2017
0%
138 Roman Zozulya FW 1 0 (0) 2008-2009
0%
139 Ruslan Neshcheret GK 1 0 (0) 2020-2021
0%
75 Serhiy Atelkin FW 6 1 (1) 2000-2001
0%
72 Serhiy Bolbat DF, MF, FW 7 0 (0) 2018-2020
0%
38 Serhiy Fedorov DF 16 1 (0) 2000-2001, 2003-2004, 2007-2008
0%
101 Serhiy Kovalyov MF 4 0 (0) 2000-2001
0%
49 Serhiy Rybalka MF 12 0 (2) 2015-2017
0%
62 Serhiy Serebrennikov MF 9 0 (0) 2000-2002, 2005-2006
0%
68 Stanislav Bohush GK 8 0 (0) 2008-2010
0%
124 Taras Lutsenko GK 2 0 (0) 2006-2008
0%
28 Taras Mykhalyk DF, MF 20 1 (0) 2006-2009, 2012-2013
0%
140 Valeriy Fedorchuk MF 1 0 (0) 2016-2017
0%
125 Valeriy Kriventsov DF, MF 2 0 (0) 2000-2001
0%
102 Vasyl Kobin DF, MF 4 0 (0) 2010-2011, 2015-2016
0%
86 Viktor Korniienko DF 5 0 (1) 2020-2022
0%
27 Vitaliy Buyalskyi MF, FW 20 3 (0) 2015-2016, 2020-2022
0%
141 Vitaliy Lysytskyi DF, MF 1 0 (0) 2000-2001
0%
142 Vitaliy Mandzyuk DF 1 0 (0) 2006-2007
0%
64 Vitaliy Reva GK 9 0 (0) 2001-2003
0%
103 Vitaliy Vitsenets MF, FW 4 0 (0) 2010-2011
0%
106 Vladlen Yurchenko MF 3 1 (0) 2015-2017
0%
69 Vladyslav Supriaha MF, FW 8 0 (0) 2020-2022
0%
82 Volodymyr Shepelyev MF 6 0 (0) 2020-2022
0%
111 Volodymyr Yezerskiy DF 3 0 (0) 2007-2009
0%
26 Vyacheslav Shevchuk DF 21 0 (3) 2000-2001, 2008-2009, 2010-2011, 2013-2016
0%
143 Vyacheslav Sviderskyi DF 1 0 (0) 2006-2007
0%
95 Yehor Nazaryna MF, FW 4 0 (1) 2023-2024
0%
22 Yevhen Khacheridi DF 23 0 (0) 2009-2010, 2012-2013, 2015-2017
0%
74 Yevhen Seleznyov FW 6 2 (0) 2008-2009, 2011-2012
0%
50 Yuriy Dmytrulin DF 12 0 (1) 2000-2001, 2002-2004
0%
83 Yuriy Virt GK 6 0 (0) 2000-2001
0%
No matching quizzes found
Score Distribution
Percent of People with Each Score
Percentile by Number Answered
Your Score History
You have not taken this quiz